000 00738nam a2200253 a 4500
001 40774
003 BD-RjUL
005 20211209053258.0
008 160510s1961 nyu 000 0 eng
035 _a(BD-RjUL)40889
035 _a(OCoLC)413848
040 _aDLC
_cODaWU
_dOCoLC
_dNcRS
_dUk
_dBD-RjUL
_beng
041 _aeng
082 _a960.3
_223
_bPAR 1961
100 1 0 _aPannikar, K. Mandu
_q(Kavalam Madhusudan),
_d1923
_9125470
245 1 0 _aRevolution in Africa.
_c K. Mandu Pannikar
260 _aNew York,
_bAsia Pub. House
_c[1961]
300 _a202 p. :
_billus.
_c23 cm.
650 0 _aNationalism
_9121548
651 0 _aAfrica
_xHistory
_9125471
651 0 _aGuinea
_xHistory
_9125472
942 _2ddc
_cBK
999 _c40774
_d40774